Normal view
MARC view
- القوى العاملة- تخطيط- ادارة افراد
Entry Topical Term
001 - CONTROL NUMBER
- control field: 57450
003 - CONTROL NUMBER IDENTIFIER
- control field: JO-AjAnu
005 - DATE AND TIME OF LATEST TRANSACTION
- control field: 20230606083416.0
008 - FIXED-LENGTH DATA ELEMENTS
- fixed length control field: 230606|| aca||aabn | a|a d
040 ## - CATALOGING SOURCE
- Original cataloging agency: JO-AjAnu
- Transcribing agency: JO-AjAnu
150 ## - HEADING--TOPICAL TERM
- Topical term or geographic name entry element: القوى العاملة- تخطيط- ادارة افراد
670 ## - SOURCE DATA FOUND
- Source citation: Work cat.: (JO-AjAnu)29315: الخصاونة، عاكف لطفي ، م.مشارك: بسام محمد ابو خضير، محمد نايف العياصرة, author 57449, إدارة الموارد البشرية = Human Resources Management